000 02563nam a2200301 i 4500
001 991055867229706706
005 20250619152210.0
008 200615e202001uuspca||| |||| 0|0 0 spa|
015 _aLL2020
_2bnc
017 _aDL B 26435-2019
_bBiblioteca de Catalunya
020 _a9788449336515
035 _a(ES-BaCBU).b74259076
035 _a(OCoLC)1256470731
040 _aES-BaBC
_bEnglish
_erda
_cES-BaBC
041 _aSpanish
100 _aPereyra Marí, Jordi,
_d1990-
_eauthor
245 1 0 _aRespuestas sorprendentes a preguntas cotidianas
_b: curiosidades que solo la ciencia puede explicar
_c/ Jordi Pereyra ; prólogo de Javier Santaolalla
250 _aFirst edition
264 1 _aBarcelona :
_bPaidós,
_c2020
300 _a374 pages:
_billustrations ;
_c24 cm
490 1 _aPaidós contextos
520 _aLos humanos tenemos la extraña manía de hacernos preguntas. Muchas. Todos los días. Pero a veces, por más que lo intentemos y aunque no nos guste admitirlo, no solo no encontramos las respuestas, sino que ni tan siquiera sabemos dónde ir a buscarlas. ¿O es que nunca os habéis preguntado por qué saltan chispas cuando metemos un metal en el microondas? Sin embargo, la verdadera pregunta es esta: ¿dónde están las respuestas? Pues en la ciencia, ¿dónde si no? El problema es que la ciencia a veces se convierte en algo oscuro e ininteligible, y por mucho que googleemos nuestras dudas, no hay quien entienda los resultados. Tranquilos, tenemos la solución. Jordi Pereyra, autor del blog y canal de YouTube «Ciencia de Sofá», nos resolverá todas las dudas en Respuestas sorprendentes a preguntas cotidianas.
520 _aHumans have a peculiar habit: we ask questions. Lots of them. Every single day. But sometimes, no matter how hard we try — and even if we don’t like to admit it — we not only fail to find the answers, but we haven’t the faintest idea where to start looking. Haven’t you ever wondered why sparks fly when you put metal in the microwave? But the real question is this: where are the answers? In science, of course — where else? The trouble is, science can sometimes seem obscure and incomprehensible, and no matter how much we Google our doubts, we’re left none the wiser. Not to worry — we’ve got the solution. Jordi Pereyra, creator of the blog and YouTube channel Ciencia de Sofá, is here to clear things up in Surprising Answers to Everyday Questions.
650 0 _aScience
_912924
653 _aCuriosities and enigmas
830 0 _aPaidós contextos
942 _2lcc
999 _c4784
_d4784